000
00343 a2200157 4500
001
187817
020
_a
040
_c
Magnum
100
_a
Fontoura, Joísa Assunpção
240
1
0
_a
A descoberta de um amigo
_l
por
245
1
0
_a
A descoberta de um amigo
300
_a
16
362
0
_a
2000
697
_a
LITERATURA INFANTO
942
_c
BK
999
_c
187817
_d
187817